000 00808nas a2200301 4500
001 BR8807549
003 BR-BrBNA
005 20231205091414.0
007 ta
008 230509b bl.|||p| |||| 00| 00por d
040 _aBR-BrBNA
_bpor
_cBiblioteca Nacional de Agricultura
041 _a(Pt)
072 _aL01
100 1 _aTucci, T.V.
245 1 _aUma fabrica programada para fazer leite
650 _aPRODUCAO LEITEIRA
650 _aMUSCULO
650 _aFISIOLOGIA ANIMAL
650 _aLIGAMENTO
650 _aORDENHA
650 _aGLANDULA MAMARIA
650 _aPRODUTIVIDADE
650 _aVACA
650 _aLEITE
773 0 _tGado Holandes (Brazil)
_xISSN 0005-4275
_g(Mar 1988), v. 53(148) p. 53-55
_wBR8807549
909 _a202311
_bLúcia
_c55
_dLúcia Elande
942 _2AGRIS
_n0
_cANA
999 _c124861
_d124861